01424cam a2200325 a 4500999001700000001000800017005001700025008004100042010001700083020002800100040001800128050002200146082001800168245018900186260004200375300003400417440004100451500002000492650001600512650002400528700002500552700002500577700003500602856009600637856008800733856007400821906004500895942003400940952012400974 c16202d16202208891820161109094007.0950911s1996 caua 001 0 eng  a 95038959  a0787901806 (alk. paper) aDLCcDLCdDLC00aHD57.7 .L418 199600a658.4/09222004aThe leader of the future :bnew visions, strategies, and practices for the next era /cFrances Hesselbein, Marshall Goldsmith, Richard Beckhard, editors ; foreword by Peter F. Drucker. aSan Francisco :bJossey-Bass,cc1996. axxv, 319 p. :bill. ;c24 cm. 4aThe Drucker Foundation future series aIncludes index. 0aLeadership. 0aStrategic planning.1 aHesselbein, Frances.1 aGoldsmith, Marshall.1 aBeckhard, Richard,d1918-1999.423Contributor biographical informationuhttp://www.loc.gov/catdir/bios/wiley043/95038959.html423Publisher descriptionuhttp://www.loc.gov/catdir/description/wiley035/95038959.html4 3Table of Contentsuhttp://www.loc.gov/catdir/toc/onix07/95038959.html a7bcbccorignewd1eocipf19gy-gencatlg 2lcccBOOKShHD57.7 .L418 1996 00102lcc4070aMUCbMUCcTECHd2016-11-09eDonation (BFA)l0oHD57.7 .L418 1996p27288r2020-03-12w2016-11-09yBOOKS